00403nam a2200121Ia 4500008004100000245004600041245001600087260000900103650002900112856004800141999001900189952007300208171211s9999 xx 000 0 und d aPerformance Metrics for Haptic Interfaces cEvren Samur c2012 xINFORMATION TECHNOLOGIES uhttp://down.ebook777.com/064/1447142241.pdf c349685d349685 001040aCLbCLd2017-12-11l0r2017-12-11 00:00:00w2017-12-11yCBE